| 000 | 00356nam a2200145Ia 4500 | ||
|---|---|---|---|
| 005 | 20251222175918.0 | ||
| 008 | 251222s9999||||xx |||||||||||||| ||spa|| | ||
| 020 | _a9788492735242 | ||
| 082 | _a650.14/M14 | ||
| 100 | _aMad Comunicación | ||
| 245 | 0 | _aBúsqueda Activa de Empleo | |
| 250 | _a4ta.ed. | ||
| 264 | _bFundación C Confemetal | ||
| 942 | _cLIB | ||
| 999 |
_c40549 _d40549 |
||